Name a Valid Country by Official Language - Americas - Statistics

General Stats
  • This quiz has been taken 123 times
  • The average score is 6 of 7
Answer Stats
Language # Countries % Correct
English 14 Antigua and Barbuda | Bahamas | Barbados | Belize | Canada | Dominica | +8 more
100%
Spanish 18 Argentina | Bolivia | Chile | Colombia | Costa Rica | Cuba | +12 more
100%
Portuguese 1 Brazil
97%
French 2 Canada | Haiti
93%
Haitian Creole 1 Haiti
91%
Quechua 3 Bolivia | Ecuador | Peru
85%
Dutch 1 Suriname
83%
No matching quizzes found
Score Distribution
Percent of People with Each Score
Percentile by Number Answered
Your Score History
You have not taken this quiz